00594nam a22001937a 450000500170000001000150001702000270003203500130005903700130007208200170008510000160010224500960011825000110021426000480022527000660027330000240033950000190036370000180038220150618121214.0 aENG-112913 c1295.00a9789350353745 aEN-96445 bDBAD/PUB a344.54010264 aKumar, H.L. aDigest of labour case 1990 to 2013 :cby H.L. Kumar [and] Gaurav Kumar bcase law finder /  a9th ed aNew Delhi bUniversal Law Publishing c2013 a A-58, G.T. Karnal Road Industrial Area, bNew Delhi e110033 acxx,912p.c25cm(Hb) aIncludes index aGaurav Kumar